Stati per forma di governo - Repubbliche presidenziali - Statistics

Statistiche generali
  • Questo quiz è stato fatto 49 volte
  • Il punteggio medio è 49 su 63
Statistiche sulle risposte
Continenete Stato % Corretto
America del Nord Stati Uniti
100%
America del Sud Argentina
95%
America del Sud Bolivia
95%
America del Sud Brasile
95%
America del Sud Paraguay
93%
America del Sud Uruguay
93%
America del Sud Cile
90%
America del Nord Nicaragua
90%
America del Sud Venezuela
90%
America del Sud Colombia
88%
America del Nord Guatemala
88%
America del Nord Panama
88%
Africa Costa d'Avorio
85%
America del Sud Ecuador
85%
America del Nord El Salvador
85%
Africa Ghana
85%
Africa Guinea
85%
Asia / Europa Kazakistan
85%
America del Nord Messico
85%
Africa Sudan del Sud
85%
Asia / Europa Turchia
85%
Africa Zimbabwe
85%
Africa Guinea Equatoriale
83%
America del Nord Honduras
83%
America del Sud Perù
83%
Africa Togo
83%
Africa Zambia
83%
Africa Benin
80%
Africa Burundi
80%
America del Nord Costa Rica
80%
America del Nord Guyana
80%
Africa Ruanda
80%
Africa Sierra Leone
80%
Asia Turkmenistan
80%
Africa Angola
78%
Africa Nigeria
78%
Asia Tagikistan
78%
Africa Tanzania
78%
Africa Tunisia
78%
Africa Gabon
75%
Africa Gambia
75%
Africa Kenya
75%
Asia Kirghizistan
75%
Africa Liberia
75%
Africa Uganda
75%
Asia Uzbekistan
75%
Africa Camerun
73%
Africa Ciad
73%
Asia Iran
73%
Africa Comore
70%
Africa Gibuti
70%
America del Nord Repubblica Dominicana
70%
Asia Corea del Sud
68%
Africa Senegal
68%
Asia Indonesia
65%
Africa Malawi
63%
Oceania Palau
63%
Africa Seychelles
63%
Asia Filippine
60%
Asia Maldive
60%
Africa Repubblica Centrafricana
55%
Europa Bielorussia
50%
Asia Cipro
48%
Nessun quiz corrispondente trovato
Distribuzione punteggi
Percentuale di utenti per punteggio
Percentile per numero di risposta
I tuoi punteggi nel tempo
Non hai fatto questo quiz